00532nam a2200193 a 4500001001300000003000900013005001700022008004100039020001000080082001500090100002200105245008100127260003800208300000800246500003500254505001000289650001700299700002200316nice12345678IN_TiNIC20260116011800.0050524s1967 lona grp 000 0 eng  ac10000a220.1bMOU aMoulton, Harold K aPapyrus, Parchment and Printb Story of How the New Testament Text Has Reach aLondon bLutterworth Press c1967 a77p aincludes index and biblioraphy2 aIndex aBible-Origin1 aMoulton, Harold K